Géographie de l'Afrique par lettre - D - Statistiques

Statistiques générales
  • Ce quiz a été pris 212 fois
  • Le résultat moyen est 8 sur 16
Statistiques - réponses
Indice Réponse % Correct
Capitale du Sénégal Dakar
99%
Ce que sont le Sahara et le Kalahari Déserts
96%
Animal national de l'Érythrée, similaire au chameau Dromadaire
93%
Pays à l'est ayant le même nom que sa capitale Djibouti
91%
Monnaie utilisée dans plusieurs pays du Maghreb et du Moyen-Orient Dinar
83%
Sorte de palmier d'Afrique du Nord, dont les fruits à noyau sont comestibles Dattier
64%
Ville la plus peuplée de la Tanzanie Dar es Salaam
58%
Région de l'ouest du Soudan, en guerre civile depuis 2003 Darfour
57%
Capitale du même pays Dodoma
56%
Subdivisions de l'Algérie française, et de plusieurs pays actuels Départements
53%
Nom colonial du Bénin Dahomey
34%
Plus grande île d'Afrique du Nord, à l'est de Gabès Djerba
29%
Ancien chef-lieu de Mayotte, jusqu'en 2023 Dzaoudzi
19%
Plus haute montagne de l'Atlas, avec ses 4 167m de haut Djebel Toubkal
6%
Plus long fleuve du Maroc Drâa
4%
Parc national en Algérie, près de Bouira Djurdjura
3%
Aucun quiz correspondant
Distribution des résultats
% des personnes avec chaque résultat
Percentile par nombre de réponses
Votre historique - résultats
Vous n’avez pas pris ce quiz